000 00275nam a22001337a 4500
003 SGT
082 _a370
_bK04S
100 _aSINGH, SONESH
245 _aKALYUG'S CHILDREN
260 _aNEW DELHI
_bINDIAN PUB
_c2004
300 _a151
650 _aEDUCATION
942 _2ddc
_cBK
999 _c12534
_d12534